书目信息 |
| 题名: |
中国人德行
|
|
| 作者: | 史密斯 著 ;张梦阳 , 王丽娟 译 | |
| 分册: | ||
| 出版信息: | 北京 新世界出版社 2005.12 |
|
| 页数: | 249页 | |
| 开本: | 23cm | |
| 丛书名: | ||
| 单 册: | ||
| 中图分类: | C955.2 | |
| 科图分类: | ||
| 主题词: | 中华民族--zhong hua min zu--民族心理--研究 , 中华民族--zhong hua min zu--民族文化--研究 | |
| 电子资源: | ||
| ISBN: | 7-80187-914-7 | |
| 000 | 01132nam0 2200277 450 | |
| 001 | 012007069256 | |
| 005 | 20070521152642.14 | |
| 010 | @a7-80187-914-7@dCNY26.00 | |
| 100 | @a20070316d2005 km y0chiy0120 ea | |
| 101 | 1 | @achi@ceng |
| 102 | @aCN@b110000 | |
| 105 | @ay a 000yy | |
| 200 | 1 | @a中国人德行@Azhong guo ren de xing@d= Chinese characteristics@f(美) 亚瑟·史密斯 (A. H. Smith) 著@F(mei)ya se·shi mi si(A.H.Smith)zhu@g张梦阳, 王丽娟译@Gzhang meng yang,wang li juan yi@zeng |
| 210 | @a北京@c新世界出版社@d2005.12 | |
| 215 | @a249页@d23cm | |
| 320 | @a有书目。 | |
| 330 | @a本书从一个外国人的视角来看一个世纪的中国及中国人的历史现状,同样可令我们有所借鉴,重新思考,堪称有关中国人的气质与德行研究中的经典之作。 | |
| 500 | 10 | @aChinese characteristics@mchinese |
| 606 | 0 | @a中华民族@Azhong hua min zu@x民族心理@x研究 |
| 606 | 0 | @a中华民族@Azhong hua min zu@x民族文化@x研究 |
| 690 | @aC955.2@v4 | |
| 701 | 1 | @a史密斯@Ashi mi si@g(Smith, Arthur Henderson),@f1845-1932@4著 |
| 702 | 0 | @a张梦阳@Azhang meng yang@4译 |
| 702 | 0 | @a王丽娟@Awang li juan@4译 |
| 801 | 0 | @aCN@c20070521 |
| 905 | @a10447@dC955.2@eS583 | |
| 中国人德行= Chinese characteristics/(美) 亚瑟·史密斯 (A. H. Smith) 著/张梦阳, 王丽娟译.-北京:新世界出版社,2005.12 |
| 249页;23cm |
| ISBN 7-80187-914-7:CNY26.00 |
| 本书从一个外国人的视角来看一个世纪的中国及中国人的历史现状,同样可令我们有所借鉴,重新思考,堪称有关中国人的气质与德行研究中的经典之作。 |
| ● |
| 相关链接 |
|
|
|
正题名:中国人德行
索取号:C955.2/S583
 
预约/预借
| 序号 | 登录号 | 条形码 | 馆藏地/架位号 | 状态 | 备注 |
| 1 | 237771 | 202377711 | 社科库509/509社科库 66排5列1层/ [索取号:C955.2/S583] | 在馆 | |
| 2 | 237772 | 202377720 | 社科库509/509社科库 66排5列1层/ [索取号:C955.2/S583] | 在馆 | |
| 3 | 237773 | 202377739 | 社科库509/509社科库 66排5列1层/ [索取号:C955.2/S583] | 在馆 |